000 00819cab a2200289 4500
001 ABS58479
008 090401t1998 xxu||||| |||| 00| 0 eng d
035 _a(Sirsi) u85273
041 _aeng
100 _aKenyon, H.
245 _aOriginal documents
260 _c1998
350 _a0
490 _aRIBA Journal
_v105(3) March 1998, 84-87(2)
520 _aPractical advice from a legal point of view about the importance of keeping original business documents.
650 _aCIVIL EVIDENCE ACT 1995
650 _aCOURT PROCEDURES
650 _aDOCUMENT RETENTION
650 _aDOCUMENT STORAGE
650 _aHEARSAY EVIDENCE
650 _aORIGINAL DOCUMENTS
650 _aPAPERWORK
650 _aTIME LIMITS
690 _aOFFICE SERVICES AND ADMINISTRATION
942 _n0
948 _c27/03/1998
999 _c53611
_d53611